000 00583nam a2200229Ia 4500
003 OSt
005 20250501120317.0
008 241129s9999||||xx |||||||||||||| ||und||
020 _a9788126704460
040 _aSDCL
_beng
_cSDCL
041 _ahin
_2hin
084 _aO152,3NKS Q6
_qSDCL
100 _aSaraogi, Alka
245 0 _aShesh Kadambari
246 _aशेष कादम्बरी
260 _aDelhi :
_bRajkamal prakashan India,
_c2016.
300 _a199p
365 _aINR
_b400
650 _aHindi
942 _cTEXL
_2CC
_n0
999 _c1234316
_d1234316